00887nam a2200157Ia 4500008004100000020001500041050002100056100003600077245018100113260004400294300003200338500003700370500012700407505015100534650004400685120626s2006 mx d 000 0 spa d a9709432907 aHD625 bN44 2006 aNieto Fernández, Liliaeautor aSobrevivencia infantil bEstudio etnográfico sobre estilos de sobrevivencia de menores en calle de comunidades marginadas de Cuautitlán, Mexico c/ Lilia, Nieto Fernández aMéxico b: Ediciones de Lirioc, 2006 a200 páginasb: gráficos a"Programa de la calle a la vida" aIncluye: Contenido, Reconocimientos, Introducción, Presentación, Conclusiones, Bibliografía, Colaboradores del libro aJustificación Diagnóstico Municipal Modelos de intervención social Planteamiento teórico Metodología Síntesis informativa  0aNIÑOSxCONDICIONES SOCIALESzMÉXICO